000 00253nam a2200109Ia 4500
008 190902s9999||||xx |||||||||||||| ||und||
100 _aQuinn,Daniel
245 0 _aIshmael
260 _aLondon
_bA Bantam /Turner Book
_c1992
300 _a263p.:
942 _cBK
999 _c2887
_d2887